000 00497nam a2200181Ia 4500
008 090124s9999 xx 000 0 und d
082 _b44959
100 _aकर्वे आनंद
245 _a आधी बीज एकले
250 _a1
260 _c2006
300 _a160
600 _aकर्वे आनंद
630 _a आधी बीज एकले
700 _aकर्वे आनंद
730 _a आधी बीज एकले
942 _cBOOK
999 _c111181
_d111181